[Event "Kolomna-ch 65th"]
[Site "Kolomna"]
[Date "2015.01.24"]
[Round "4"]
[White "Berestnev, Vladimir"]
[Black "Sokolov, Nikita Dm"]
[Result "0-1"]
[WhiteElo "2263"]
[BlackElo "1927"]
[PlyCount "70"]
[EventDate "2015.01.11"]
[EventType "tourn"]
[EventRounds "9"]
[EventCountry "RUS"]
[SourceTitle "EXT 2017"]
[Source "ChessBase"]
[SourceDate "2016.10.25"]
[SourceVersion "1"]
[SourceVersionDate "2016.10.25"]
[SourceQuality "1"]

1. d4 Nf6 2. c4 g6 3. Nc3 d5 4. e3 Bg7 5. Qb3 dxc4 6. Bxc4 0-0 7. Nf3 a6 8. Ne5 e6 9. Be2 Nbd7 10. Nd3 Qe7 11. f4 c5 12. Qa3 b6 13. Bf3 Rb8 14. Na4 Re8 15. dxc5 b5 16. Nb4 bxa4 17. Nc6 Qf8 18. Nxb8 Nxb8 19. Bd2 Nfd7 20. Rc1 Nf6 21. Qxa4 e5 22. fxe5 Rxe5 23. Qf4 Qe7 24. 0-0 g5 25. Qb4 Nbd7 26. c6 Nf8 27. Qb8 Qe8 28. a4 g4 29. Be2 Ne4 30. Bb4 Bh6 31. Rf4 Bxf4 32. exf4 Re6 33. Qc7 Ng3 34. hxg3 Rxe2 35. Qb6 Qe4 0-1

[Event "Kolomna op"]
[Site "Kolomna"]
[Date "2013.10.04"]
[Round "9"]
[White "Balashov, Yuri S"]
[Black "Berestnev, Vladimir"]
[Result "1-0"]
[WhiteElo "2435"]
[BlackElo "2293"]
[PlyCount "23"]
[EventDate "2013.09.29"]
[EventType "swiss"]
[EventRounds "9"]
[EventCountry "RUS"]
[SourceTitle "CBM 156 Extra"]
[Source "ChessBase"]
[SourceDate "2013.10.22"]
[SourceVersion "1"]
[SourceVersionDate "2013.10.22"]
[SourceQuality "1"]

1. Nf3 Nf6 2. d4 e6 3. e3 d5 4. Bd3 Bd6 5. 0-0 0-0 6. b3 Nbd7 7. Bb2 b6 8. c4 Bb7 9. Nc3 a6 10. Rc1 Ne4 11. Na4 Qf6 12. c5 1-0

[Event "Kolomna op"]
[Site "Kolomna"]
[Date "2013.10.03"]
[Round "8"]
[White "Berestnev, Vladimir"]
[Black "Odnorozhenko, Evgenyi"]
[Result "1/2-1/2"]
[WhiteElo "2293"]
[BlackElo "2270"]
[PlyCount "62"]
[EventDate "2013.09.29"]
[EventType "swiss"]
[EventRounds "9"]
[EventCountry "RUS"]
[SourceTitle "CBM 156 Extra"]
[Source "ChessBase"]
[SourceDate "2013.10.22"]
[SourceVersion "1"]
[SourceVersionDate "2013.10.22"]
[SourceQuality "1"]

1. d4 d5 2. Nf3 Nf6 3. c4 e6 4. Nc3 Be7 5. Bg5 0-0 6. e3 h6 7. Bh4 b6 8. cxd5 Nxd5 9. Bxe7 Qxe7 10. Nxd5 exd5 11. Be2 Be6 12. 0-0 c5 13. dxc5 bxc5 14. Qa4 Nd7 15. Rac1 Rfc8 16. Rfd1 Nf6 17. Qa3 Qd6 18. h3 Qb6 19. Rc2 a5 20. Rdc1 Nd7 21. Qc3 a4 22. Ne5 Nxe5 23. Qxe5 a3 24. bxa3 Rxa3 25. Qb2 Qxb2 26. Rxb2 Rca8 27. Rxc5 Rxa2 28. Rxa2 Rxa2 29. Bf3 Rd2 30. Ra5 d4 31. Ra8+ Kh7 1/2-1/2

[Event "Kolomna op"]
[Site "Kolomna"]
[Date "2013.10.03"]
[Round "7"]
[White "Kagramanianz, Vartan"]
[Black "Berestnev, Vladimir"]
[Result "1/2-1/2"]
[WhiteElo "2234"]
[BlackElo "2293"]
[PlyCount "107"]
[EventDate "2013.09.29"]
[EventType "swiss"]
[EventRounds "9"]
[EventCountry "RUS"]
[SourceTitle "CBM 156 Extra"]
[Source "ChessBase"]
[SourceDate "2013.10.22"]
[SourceVersion "1"]
[SourceVersionDate "2013.10.22"]
[SourceQuality "1"]

1. e4 d5 2. exd5 Qxd5 3. Nc3 Qd6 4. d4 Nf6 5. Bb5+ c6 6. Be2 Bf5 7. Nf3 e6 8. Nh4 Bg6 9. 0-0 Be7 10. Bg5 Ng4 11. Bxg4 Bxg5 12. Nxg6 hxg6 13. h3 Bf6 14. Ne2 Nd7 15. c3 Bd8 16. Ng3 Nf6 17. Bf3 Bc7 18. Re1 Nd5 19. c4 Nf4 20. d5 cxd5 21. cxd5 0-0 22. dxe6 Nxe6 23. Qxd6 Bxd6 24. Rad1 Rfd8 25. Bxb7 Rab8 26. Bd5 Nf4 27. Bc4 Nh5 28. Ne4 Bb4 29. Rf1 Be7 30. b3 g5 31. g3 g6 32. Rfe1 Kg7 33. Kf1 Bb4 34. Rxd8 Rxd8 35. Re3 Be7 36. Ke2 f5 37. Nc3 Bc5 38. Re6 Nf6 39. Rc6 Bd4 40. Nb5 Bb6 41. Nc7 Rd7 42. Ne6+ Kh6 43. Nxg5 Kxg5 44. h4+ Kh6 45. Rxf6 Re7+ 46. Re6 Rxe6+ 47. Bxe6 Kg7 48. Bc4 Kf6 49. f3 Bc7 50. g4 fxg4 51. fxg4 Bg3 52. h5 gxh5 53. gxh5 a5 54. Bd3 1/2-1/2

[Event "Kolomna op-A"]
[Site "Kolomna"]
[Date "2012.09.30"]
[Round "6"]
[White "Klyuev, Alexander S"]
[Black "Berestnev, Vladimir"]
[Result "1-0"]
[WhiteElo "2218"]
[BlackElo "2341"]
[PlyCount "131"]
[EventDate "2012.09.27"]
[EventType "swiss"]
[EventRounds "9"]
[EventCountry "RUS"]
[SourceTitle "EXT 2013"]
[Source "ChessBase"]
[SourceDate "2012.11.22"]
[SourceVersion "1"]
[SourceVersionDate "2012.11.22"]
[SourceQuality "1"]

1. Nf3 Nf6 2. g3 b6 3. Bg2 Bb7 4. 0-0 c5 5. d3 d5 6. Nbd2 Nbd7 7. e4 Qc7 8. exd5 Bxd5 9. Re1 e6 10. Ne4 Nxe4 11. dxe4 Bc6 12. e5 Be7 13. Bf4 h6 14. Qe2 Qb7 15. g4 Rd8 16. Red1 b5 17. Ne1 0-0 18. Rd3 c4 19. Rh3 Nc5 20. g5 Bxg2 21. Nxg2 Qe4 22. Re3 Qf5 23. gxh6 g6 24. Rf3 Rd4 25. h7+ Kxh7 26. Bh6 Qe4 27. Qxe4 Rxe4 28. Bxf8 Bxf8 29. Rxf7+ Kg8 30. Rxa7 Rxe5 31. Rd1 Rd5 32. Rxd5 exd5 33. Ra5 b4 34. Ne3 b3 35. axb3 cxb3 36. cxb3 d4 37. Nd1 Nxb3 38. Rb5 Nd2 39. Kg2 Kf7 40. Rd5 Nb3 41. Rb5 Nd2 42. Rb6 Bc5 43. Rb5 Be7 44. f3 Ke6 45. Nf2 Nc4 46. Nd3 Ne3+ 47. Kf2 Nd5 48. f4 Bd6 49. Kf3 Ne3 50. Ke4 Nf5 51. Rxf5 gxf5+ 52. Kxd4 Be7 53. b4 Kd6 54. b5 Bd8 55. Kc4 Bf6 56. Ne5 Bh4 57. Ng6 Bf2 58. h4 Ke6 59. h5 Kf6 60. Kd5 Be3 61. Kd6 Bf2 62. Kd7 Be3 63. Ke8 Bc5 64. Nf8 Be3 65. h6 Bxf4 66. h7 1-0

[Event "Kolomna op-A"]
[Site "Kolomna"]
[Date "2012.09.29"]
[Round "5"]
[White "Berestnev, Vladimir"]
[Black "Bajaramov, Elvin"]
[Result "1-0"]
[WhiteElo "2341"]
[BlackElo "2025"]
[PlyCount "73"]
[EventDate "2012.09.27"]
[EventType "swiss"]
[EventRounds "9"]
[EventCountry "RUS"]
[SourceTitle "EXT 2013"]
[Source "ChessBase"]
[SourceDate "2012.11.22"]
[SourceVersion "1"]
[SourceVersionDate "2012.11.22"]
[SourceQuality "1"]

1. d4 d5 2. Nf3 Nf6 3. c4 c6 4. Nbd2 a6 5. a4 g6 6. e3 Bg7 7. Be2 0-0 8. 0-0 Bf5 9. Ne5 Nbd7 10. Nd3 Qc7 11. g4 Bxd3 12. Bxd3 dxc4 13. Nxc4 b5 14. Nd2 e5 15. axb5 axb5 16. Rxa8 Rxa8 17. Qf3 Qb6 18. g5 Nd5 19. Be4 exd4 20. Bxd5 cxd5 21. Qxd5 Rd8 22. exd4 Ne5 23. Qc5 Qxc5 24. dxc5 Nd3 25. Ne4 Rd4 26. f3 Rc4 27. Be3 Nxb2 28. Rb1 b4 29. Nf6+ Bxf6 30. gxf6 Na4 31. Bh6 Nxc5 32. Ra1 Na6 33. Rxa6 Rc8 34. Rb6 Ra8 35. Rxb4 Rc8 36. Bf4 h5 37. Rb8 1-0

[Event "Kolomna op-A"]
[Site "Kolomna"]
[Date "2012.09.29"]
[Round "4"]
[White "Konenkin, Dmitry"]
[Black "Berestnev, Vladimir"]
[Result "1-0"]
[WhiteElo "2305"]
[BlackElo "2341"]
[PlyCount "65"]
[EventDate "2012.09.27"]
[EventType "swiss"]
[EventRounds "9"]
[EventCountry "RUS"]
[SourceTitle "EXT 2013"]
[Source "ChessBase"]
[SourceDate "2012.11.22"]
[SourceVersion "1"]
[SourceVersionDate "2012.11.22"]
[SourceQuality "1"]

1. d3 e6 2. Nd2 c5 3. c4 d5 4. g3 Nf6 5. Bg2 Be7 6. Ngf3 Nc6 7. 0-0 0-0 8. Re1 b6 9. e4 dxe4 10. dxe4 e5 11. b3 Qc7 12. Bb2 Bb7 13. a3 Rad8 14. Qc2 Rfe8 15. Nf1 Nd4 16. Nxd4 cxd4 17. Rad1 b5 18. Rc1 bxc4 19. Qxc4 Qxc4 20. Rxc4 Rc8 21. Nd2 Ba6 22. Rcc1 Nd7 23. b4 Rxc1 24. Rxc1 Rc8 25. Rxc8+ Bxc8 26. Bh3 Bg5 27. f4 exf4 28. Nf3 Ne5 29. Nxg5 d3 30. Kf2 Bxh3 31. Nxh3 f3 32. Bc3 g5 33. Nxg5 1-0

[Event "Kolomna-ch 62nd"]
[Site "Kolomna"]
[Date "2012.01.21"]
[Round "3"]
[White "Berestnev, Vladimir"]
[Black "Velikanov, Igor"]
[Result "1/2-1/2"]
[WhiteElo "2346"]
[BlackElo "2315"]
[PlyCount "92"]
[EventDate "2012.01.14"]
[EventType "tourn"]
[EventRounds "11"]
[EventCountry "RUS"]
[SourceTitle "EXT 2013"]
[Source "ChessBase"]
[SourceDate "2012.11.22"]
[SourceVersion "1"]
[SourceVersionDate "2012.11.22"]
[SourceQuality "1"]

1. d4 d5 2. Nf3 Nf6 3. c4 e6 4. g3 dxc4 5. Bg2 Be7 6. Na3 Bxa3 7. Qa4+ b5 8. Qxa3 Bb7 9. b3 cxb3 10. axb3 Qd6 11. Bd2 Qxa3 12. Rxa3 0-0 13. 0-0 Nbd7 14. Rfa1 a6 15. Ne5 Bxg2 16. Nxd7 Nxd7 17. Kxg2 Nb8 18. Bf4 Ra7 19. Rc1 Rc8 20. Ra2 Kf8 21. Rac2 Ke8 22. Bxc7 Kd7 23. Be5 Rxc2 24. Rxc2 Nc6 25. Bxg7 a5 26. e3 a4 27. bxa4 bxa4 28. Bf8 a3 29. Ra2 Ne7 30. Kf3 Ra8 31. Bxe7 Kxe7 32. Ke4 Kf6 33. f4 Ke7 34. g4 Kd6 35. g5 Kc6 36. h4 Ra5 37. h5 Kd6 38. Kd3 Kd5 39. e4+ Kd6 40. Kc3 Ra4 41. Kd3 Ke7 42. f5 exf5 43. exf5 Kd6 44. g6 fxg6 45. fxg6 hxg6 46. hxg6 Ke7 1/2-1/2

[Event "Kolomna-ch"]
[Site "Kolomna"]
[Date "2010.02.20"]
[Round "12"]
[White "Beskov, Vladimir Alekseevic"]
[Black "Berestnev, Vladimir"]
[Result "0-1"]
[WhiteElo "2184"]
[BlackElo "2280"]
[PlyCount "65"]
[EventDate "2010.01.10"]
[EventType "tourn"]
[EventRounds "13"]
[EventCountry "RUS"]
[SourceTitle "EXT 2011"]
[Source "ChessBase"]
[SourceDate "2010.11.26"]
[SourceVersion "1"]
[SourceVersionDate "2010.11.26"]
[SourceQuality "1"]

1. d4 e6 2. Nf3 c5 3. c3 Be7 4. Bf4 Nf6 5. e3 Nc6 6. Nbd2 Nh5 7. Be5 d6 8. Bg3 Nxg3 9. hxg3 Qb6 10. Rb1 Bd7 11. Bd3 h6 12. Qe2 a6 13. Nc4 Qa7 14. g4 g5 15. dxc5 Qxc5 16. b4 Qa7 17. e4 b5 18. Ne3 Bf6 19. Qd2 Rc8 20. Rc1 Ne5 21. Bb1 Ke7 22. Ke2 Nxf3 23. gxf3 Rc6 24. c4 Rhc8 25. Rxh6 bxc4 26. Nd5+ exd5 27. exd5 R6c7 28. Rxf6 Kxf6 29. Qc3+ Ke7 30. Qg7 Re8 31. Qxg5+ f6 32. Qg7+ Kd8+ 33. Kf1 0-1

[Event "Kolomna-ch"]
[Site "Kolomna"]
[Date "2010.02.06"]
[Round "8"]
[White "Berestnev, Vladimir"]
[Black "Chernyshov, Aleksandr"]
[Result "1-0"]
[WhiteElo "2280"]
[BlackElo "2147"]
[PlyCount "93"]
[EventDate "2010.01.10"]
[EventType "tourn"]
[EventRounds "13"]
[EventCountry "RUS"]
[SourceTitle "EXT 2011"]
[Source "ChessBase"]
[SourceDate "2010.11.26"]
[SourceVersion "1"]
[SourceVersionDate "2010.11.26"]
[SourceQuality "1"]

1. d4 Nf6 2. Bg5 d5 3. Nf3 Nbd7 4. c4 e6 5. Nc3 c6 6. e3 Be7 7. Qc2 0-0 8. Rd1 Re8 9. h3 Nf8 10. Ne5 N6d7 11. Bf4 Nxe5 12. Bxe5 Bd6 13. Bxd6 Qxd6 14. Be2 Bd7 15. 0-0 Rac8 16. e4 Qe7 17. Qd2 a6 18. Rfe1 dxc4 19. Bxc4 b5 20. Bf1 Qb4 21. a3 Qa5 22. e5 Red8 23. Qe3 Ng6 24. Ne4 Be8 25. Bd3 Qb6 26. Nd6 Rc7 27. Bxg6 hxg6 28. Rc1 a5 29. Rc5 Rcd7 30. Rec1 Rxd6 31. exd6 Rxd6 32. a4 b4 33. Qe5 Qd8 34. R1c4 f6 35. Qe3 Kf7 36. h4 Rd5 37. Qf4 Rd6 38. Rxa5 Rd7 39. Rac5 Rb7 40. Qd2 Qb8 41. a5 Bd7 42. Qc2 b3 43. Qd3 Ra7 44. h5 gxh5 45. Qh7 Qa8 46. Rc3 Rxa5 47. Qxh5+ 1-0

[Event "Kolomna-ch final 59th"]
[Site "Kolomna"]
[Date "2009.01.14"]
[Round "3"]
[White "Vlasenkov, Mikhail"]
[Black "Berestnev, Vladimir"]
[Result "0-1"]
[WhiteElo "2029"]
[BlackElo "2288"]
[PlyCount "94"]
[EventDate "2009.01.08"]
[EventType "tourn"]
[EventRounds "13"]
[EventCountry "RUS"]
[SourceTitle "EXT 2022"]
[Source "ChessBase"]
[SourceDate "2021.10.06"]
[SourceVersion "1"]
[SourceVersionDate "2021.10.06"]
[SourceQuality "1"]

1. c4 Nf6 2. Nc3 e6 3. Nf3 c5 4. d3 d5 5. e3 Nc6 6. Be2 Be7 7. 0-0 0-0 8. d4 cxd4 9. exd4 dxc4 10. Bxc4 Qb6 11. Bb3 Rd8 12. Be3 Na5 13. Na4 Qa6 14. Rc1 b6 15. Bc2 Bd7 16. Bd3 Bb5 17. Bxb5 Qxb5 18. b3 Ba3 19. Rc2 Bd6 20. Bg5 Rd7 21. Bxf6 gxf6 22. Qc1 Kg7 23. Nc3 Qf5 24. Ne2 Rad8 25. Ng3 Qd5 26. Re1 Bxg3 27. hxg3 Nb7 28. Qf4 Nd6 29. Qg4+ Kh8 30. Qh4 Qf5 31. Rec1 Kg7 32. Rc7 Ne4 33. Rxd7 Rxd7 34. Qf4 Qg6 35. Nh4 Qg5 36. Nf3 Qg6 37. Rc8 Nd6 38. Rc1 Ne4 39. Rc7 e5 40. dxe5 Rxc7 41. exf6+ Nxf6 42. Qxc7 Qb1+ 43. Kh2 Ng4+ 44. Kh3 Nxf2+ 45. Kh4 Qh1+ 46. Kg5 Qh6+ 47. Kf5 Qf6# 0-1

[Event "Kolomna City-ch"]
[Site "Kolomna"]
[Date "2008.02.24"]
[Round "14"]
[White "Berestnev, Vladimir"]
[Black "Gurov, Rodion"]
[Result "1-0"]
[WhiteElo "2211"]
[BlackElo "2045"]
[PlyCount "41"]
[EventDate "2008.01.08"]
[EventType "tourn"]
[EventRounds "15"]
[EventCountry "RUS"]
[SourceTitle "EXT 2009"]
[Source "ChessBase"]
[SourceDate "2008.11.26"]
[SourceVersion "1"]
[SourceVersionDate "2008.11.26"]
[SourceQuality "1"]

1. d4 g6 2. g3 Bg7 3. Bg2 d6 4. Nf3 Nd7 5. 0-0 e5 6. e4 Ne7 7. Be3 0-0 8. Qd2 f5 9. Nc3 Nc6 10. Rad1 exd4 11. Nxd4 Nde5 12. exf5 Bxf5 13. Nxf5 Rxf5 14. Qe2 Qe8 15. Rfe1 Kh8 16. f4 Nd7 17. Nd5 Rc8 18. c4 Ne7 19. Bf2 Rxd5 20. Bxd5 Bf6 21. Bd4 1-0

[Event "Kolomna City-ch"]
[Site "Kolomna"]
[Date "2008.02.13"]
[Round "12"]
[White "Berestnev, Vladimir"]
[Black "Guschin, Anton"]
[Result "1/2-1/2"]
[WhiteElo "2211"]
[BlackElo "2287"]
[PlyCount "47"]
[EventDate "2008.01.08"]
[EventType "tourn"]
[EventRounds "15"]
[EventCountry "RUS"]
[SourceTitle "EXT 2009"]
[Source "ChessBase"]
[SourceDate "2008.11.26"]
[SourceVersion "1"]
[SourceVersionDate "2008.11.26"]
[SourceQuality "1"]

1. d4 Nf6 2. Nf3 e6 3. Bg5 Be7 4. Nc3 d5 5. Bxf6 Bxf6 6. e4 dxe4 7. Nxe4 0-0 8. c3 b6 9. Qc2 Nd7 10. 0-0-0 Bb7 11. Bd3 Qe7 12. h4 c5 13. dxc5 bxc5 14. Neg5 h6 15. Ba6 hxg5 16. Bxb7 Rad8 17. hxg5 Bxg5+ 18. Nxg5 Qxg5+ 19. Kb1 Nf6 20. Rd3 g6 21. Rg3 Qf5 22. Qxf5 exf5 23. Kc1 Rd7 24. Bf3 1/2-1/2

[Event "Kolomna-ch sf-A 58th"]
[Site "Kolomna"]
[Date "2007.11.15"]
[Round "10"]
[White "Berestnev, Vladimir"]
[Black "Ezhov, Aleksey"]
[Result "1-0"]
[WhiteElo "2192"]
[BlackElo "2034"]
[PlyCount "39"]
[EventDate "2007.10.11"]
[EventType "tourn"]
[EventRounds "11"]
[EventCountry "RUS"]
[SourceTitle "EXT 2022"]
[Source "ChessBase"]
[SourceDate "2021.10.06"]
[SourceVersion "1"]
[SourceVersionDate "2021.10.06"]
[SourceQuality "1"]

1. e4 c5 2. Nf3 d6 3. d4 cxd4 4. Nxd4 Nc6 5. Nc3 Nf6 6. Bg5 e6 7. Bb5 Qc7 8. 0-0 a6 9. Ba4 Be7 10. h3 0-0 11. Re1 b5 12. Bb3 Bb7 13. Nxc6 Qxc6 14. a3 Rac8 15. Qd3 Rfd8 16. Qg3 h6 17. Bxh6 Bf8 18. Rad1 g6 19. Bxe6 Bxh6 20. Qxg6+ 1-0